Sacramento Kings Triple Double - Statistics

General Stats
  • This quiz has been taken 81 times
    9 since last reset
  • The average score is 8 of 30
Answer Stats
Player Nb Last % Correct
De'Aaron Fox 1 2018
100%
DeMarcus Cousins 6 2017
89%
Domantas Sabonis 50 2025
89%
Oscar Robertson 176 1970
89%
Chris Webber 14 2005
78%
Mitch Richmond 3 1997
67%
Mike Bibby 1 2005
56%
Vlade Divac 4 2004
56%
Ray Williams 2 1983
33%
Brad Miller 3 2007
22%
Eddie Johnson 1 1985
22%
Isaiah Thomas 1 2014
22%
Jerry Lucas 2 1969
22%
Kenny Thomas 1 2006
22%
Russell Westbrook 5 2026
22%
Rajon Rondo 6 2016
11%
Sam Lacey 9 1981
11%
Tyreke Evans 1 2010
11%
Beno Udrih 1 2010
0%
Bucky Bockhorn 1 1962
0%
Danny Ainge 1 1989
0%
Jack Twyman 1 1960
0%
John Salmons 1 2006
0%
Lionel Simmons 2 1994
0%
Maurice Stokes 10 1958
0%
Norm Van Lier 12 1971
0%
Reggie Theus 1 1986
0%
Rodney McCray 2 1989
0%
Ty Lawson 1 2017
0%
Wayne Embry 1 1962
0%
No matching quizzes found
Score Distribution
Percent of People with Each Score
Percentile by Number Answered
Your Score History
You have not taken this quiz since the last reset